000 00670cam a2200181 a 4500
020 _a925104788X
040 _cDJB
082 0 0 _a346 FOO 2002 A015 Or.
245 0 0 _aLaw and sustainable development since Rio :
_blegal trends in agriculture and natural resource management /
246 3 0 _aLegal trends in agriculture and natural resource management
260 _aRome :
_bFood and Agriculture Organization of the United Nations,
_c2002.
300 _av, 376 p. ;
_c23 cm.
650 0 _aSustainable development
650 0 _aEconomic development
650 0 _aEnvironmental policy.
710 2 _aFood and Agriculture Organization of the United Nations.
942 _cEK
999 _c11591
_d11591